[Event "Hlohovec War Veterans op"]
[Site "Hlohovec"]
[Date "????.??.??"]
[Round "2"]
[White "Urban, Vlastimil"]
[Black "Polivka, Miroslav"]
[Result "1-0"]
[WhiteElo "1954"]
[BlackElo "1558"]
[PlyCount "51"]
[EventDate "2024.08.03"]
[EventType "swiss"]
[EventRounds "7"]
[EventCountry "CZE"]
[SourceTitle "EXT 2025"]
[Source "ChessBase"]
[SourceDate "2024.10.14"]
[SourceVersion "1"]
[SourceVersionDate "2024.10.14"]
[SourceQuality "1"]

1. d4 Nf6 2. c4 e6 3. Nf3 Bb4+ 4. Bd2 Qe7 5. Nc3 0-0 6. Qc2 b6 7. e4 Bxc3 8. Bxc3 d5 9. e5 Ne4 10. cxd5 exd5 11. Bd3 f5 12. 0-0 Bb7 13. a3 c5 14. b3 Nc6 15. Bb2 Rac8 16. Qe2 Nd8 17. Nd2 Ne6 18. f3 Nxd2 19. Qxd2 Nxd4 20. Bxd4 cxd4 21. f4 Rc3 22. b4 Rfc8 23. Bxf5 Ba6 24. Bxc8 Bxf1 25. Rxf1 Rxc8 26. Qxd4 1-0